| 000 | 00742nam a22002057a 4500 | ||
|---|---|---|---|
| 999 |
_c18978 _d18978 |
||
| 003 | AR-CdUCM | ||
| 008 | 190516b ||||| |||| 00| 0 spa d | ||
| 040 |
_aMUNICIPALIDAD PROVINCIAL DEL CUSCO _cBIBLIOTECA MUNICIPAL DEL CUSCO |
||
| 082 |
_23ed. _a624.17 / _bM79 |
||
| 100 |
_aMorley, Arthur _939960 |
||
| 245 | _aTeoría de las estructuras / | ||
| 260 |
_aMedico, D.F. : _bNacional, _c1956. |
||
| 300 |
_a732 páginas ; _c23 cm. |
||
| 505 | _aContenido: Esfuerzos y deformaciones -- Coeficientes de trabajo -- Estética -- Momentos de flexión y esfuerzos cortantes... | ||
| 650 |
_aTeoría _95077 |
||
| 650 |
_aEstructura _941 |
||
| 700 |
_aSerrat y Bonastre, José (traductor) _939961 |
||
| 942 |
_2ddc _cLIBROS |
||
| 945 |
_aacv _d2019-05-16 |
||